<?xml version="1.0" encoding="UTF-8"?>
<record
    xmlns:xsi="http://www.w3.org/2001/XMLSchema-instance"
    xsi:schemaLocation="http://www.loc.gov/MARC21/slim http://www.loc.gov/standards/marcxml/schema/MARC21slim.xsd"
    xmlns="http://www.loc.gov/MARC21/slim">

  <leader>01321cam a22003372i 4500</leader>
  <controlfield tag="001">955424</controlfield>
  <controlfield tag="003">YEEZEN</controlfield>
  <controlfield tag="005">20260127142357.0</controlfield>
  <controlfield tag="008">241022s2024    ch     e      000 0 chi d</controlfield>
  <datafield tag="020" ind1=" " ind2=" ">
    <subfield code="a">9786264060172</subfield>
    <subfield code="q">(&#x5E73;&#x88DD;) :</subfield>
    <subfield code="c">NT$500</subfield>
  </datafield>
  <datafield tag="040" ind1=" " ind2=" ">
    <subfield code="a">CIP</subfield>
    <subfield code="d">YMG</subfield>
    <subfield code="b">chi</subfield>
    <subfield code="c">CIP</subfield>
  </datafield>
  <datafield tag="042" ind1=" " ind2=" ">
    <subfield code="a">nbic</subfield>
  </datafield>
  <datafield tag="090" ind1=" " ind2=" ">
    <subfield code="a">521.57</subfield>
    <subfield code="b">835</subfield>
  </datafield>
  <datafield tag="100" ind1="1" ind2=" ">
    <subfield code="a">&#x8CBB;&#x5FB7;</subfield>
    <subfield code="c">(Fadel, Charles)</subfield>
    <subfield code="e">&#x8457;</subfield>
  </datafield>
  <datafield tag="245" ind1="1" ind2="0">
    <subfield code="a">AI&#x6642;&#x4EE3;&#x7684;&#x6559;&#x80B2; :</subfield>
    <subfield code="b">&#x9762;&#x5C0D;&#x77AC;&#x606F;&#x842C;&#x8B8A;&#x7684;&#x6A21;&#x7CCA;&#x672A;&#x4F86;,&#x5B69;&#x5B50;&#x70BA;&#x4F55;&#x800C;&#x5B78;&#x3001;&#x8981;&#x5B78;&#x4EC0;&#x9EBC;&#x3001;&#x5982;&#x4F55;&#x53BB;&#x5B78; /</subfield>
    <subfield code="c">&#x67E5;&#x723E;&#x65AF;.&#x8CBB;&#x5FB7;(Charles Fadel), &#x4E9E;&#x6B77;&#x514B;&#x897F;&#x65AF;.&#x5E03;&#x840A;&#x514B;(Alexis Black), &#x7F85;&#x6BD4;.&#x6CF0;&#x52D2;(Robbie Taylor), &#x73CD;&#x59AE;&#x7279;.&#x65AF;&#x52D2;&#x8F9B;&#x65AF;&#x57FA;(Janet Slesinski), &#x51F1;&#x8482;.&#x9127;&#x6069;(Katie Dunn)&#x8457;; &#x8B1D;&#x5100;&#x970F;&#x8B6F;</subfield>
  </datafield>
  <datafield tag="250" ind1=" " ind2=" ">
    <subfield code="a">&#x7B2C;&#x4E00;&#x7248;</subfield>
  </datafield>
  <datafield tag="260" ind1=" " ind2=" ">
    <subfield code="a">&#x81FA;&#x5317;&#x5E02; :</subfield>
    <subfield code="b">&#x89AA;&#x5B50;&#x5929;&#x4E0B;,</subfield>
    <subfield code="c">2024.09</subfield>
  </datafield>
  <datafield tag="300" ind1=" " ind2=" ">
    <subfield code="a">287&#x9762; ;</subfield>
    <subfield code="b">&#x5716; :</subfield>
    <subfield code="c">23&#x516C;&#x5206;</subfield>
  </datafield>
  <datafield tag="504" ind1=" " ind2=" ">
    <subfield code="a">&#x53C3;&#x8003;&#x66F8;&#x76EE;</subfield>
  </datafield>
  <datafield tag="650" ind1=" " ind2="7">
    <subfield code="2">lcstt</subfield>
    <subfield code="a">&#x96FB;&#x8166;&#x8F14;&#x52A9;&#x6559;&#x5B78;</subfield>
  </datafield>
  <datafield tag="650" ind1=" " ind2="7">
    <subfield code="2">lcstt</subfield>
    <subfield code="a">&#x4EBA;&#x5DE5;&#x667A;&#x6167;</subfield>
  </datafield>
  <datafield tag="650" ind1=" " ind2="7">
    <subfield code="2">lcstt</subfield>
    <subfield code="a">&#x6559;&#x5B78;&#x8A2D;&#x8A08;</subfield>
  </datafield>
  <datafield tag="650" ind1=" " ind2="7">
    <subfield code="2">lcstt</subfield>
    <subfield code="a">&#x6559;&#x5B78;&#x6CD5;</subfield>
  </datafield>
  <datafield tag="700" ind1="1" ind2=" ">
    <subfield code="a">&#x5E03;&#x840A;&#x514B;</subfield>
    <subfield code="c">(Black, Alexis)</subfield>
  </datafield>
  <datafield tag="700" ind1="1" ind2=" ">
    <subfield code="a">&#x6CF0;&#x52D2;</subfield>
    <subfield code="c">(Taylor, Robbie)</subfield>
  </datafield>
  <datafield tag="700" ind1="1" ind2=" ">
    <subfield code="a">&#x65AF;&#x52D2;&#x8F9B;&#x65AF;&#x57FA;</subfield>
    <subfield code="c">(Slesinski, Janet)</subfield>
  </datafield>
  <datafield tag="700" ind1="1" ind2=" ">
    <subfield code="a">&#x9127;&#x6069;</subfield>
    <subfield code="c">(Dunn, Katie)</subfield>
  </datafield>
  <datafield tag="700" ind1="1" ind2=" ">
    <subfield code="a">&#x8B1D;&#x5100;&#x970F;</subfield>
    <subfield code="e">&#x8B6F;</subfield>
  </datafield>
  <datafield tag="765" ind1="0" ind2=" ">
    <subfield code="a">Education for the Age of AI :</subfield>
    <subfield code="b">Why, What and How should students learn for the age of Artificial Intelligence.</subfield>
  </datafield>
  <datafield tag="942" ind1=" " ind2=" ">
    <subfield code="2">ccl</subfield>
    <subfield code="c">BOOK</subfield>
  </datafield>
  <datafield tag="999" ind1=" " ind2=" ">
    <subfield code="c">7691</subfield>
    <subfield code="d">7691</subfield>
  </datafield>
  <datafield tag="952" ind1=" " ind2=" ">
    <subfield code="0">0</subfield>
    <subfield code="1">0</subfield>
    <subfield code="2">ccl</subfield>
    <subfield code="4">0</subfield>
    <subfield code="7">0</subfield>
    <subfield code="a">yeezen</subfield>
    <subfield code="b">yeezen</subfield>
    <subfield code="c">YEEZEN</subfield>
    <subfield code="d">2026-01-27</subfield>
    <subfield code="l">1</subfield>
    <subfield code="o">521.57</subfield>
    <subfield code="p">C03275</subfield>
    <subfield code="r">2026-03-16 00:00:00</subfield>
    <subfield code="s">2026-03-05</subfield>
    <subfield code="w">2026-01-27</subfield>
    <subfield code="y">BOOK</subfield>
    <subfield code="z">&#x672C;&#x66F8;&#x91CD;&#x9EDE;&#xFF5C;&#x91D0;&#x6E05;AI&#x7684;&#x512A;&#x52E2;&#x8207;&#x4FB7;&#x9650; &#x300C;&#x672A;&#x4F86;&#x54EA;&#x4E9B;&#x5DE5;&#x4F5C;&#x6703;&#x7E7C;&#x7E8C;&#x5B58;&#x5728;&#xFF1F;&#x53C8;&#x6703;&#x5192;&#x51FA;&#x54EA;&#x4E9B;&#x5DE5;&#x4F5C;&#xFF1F;&#x300D; &#x77ED;&#x6642;&#x9593;&#x4E4B;&#x5167;&#xFF0C;AI&#x4E26;&#x300C;&#x4E0D;&#x6703;&#x300D;&#x53D6;&#x4EE3;&#x591A;&#x6578;&#x5DE5;&#x4F5C;&#xFF0C;&#x4F46;&#x53EF;&#x4EE5;&#x78BA;&#x5B9A;&#x7684;&#x662F;&#xFF1A;&#x64C1;&#x6709;AI&#x7684;&#x4EBA;&#xFF0C;&#x80FD;&#x5920;&#x6253;&#x6557;&#x6C92;&#x6709;AI&#x7684;&#x4EBA;&#x3002;&#x638C;&#x63E1;&#x5982;&#x540C;&#x5927;&#x8166;&#x300C;&#x5916;&#x9AA8;&#x9ABC;&#x300D;&#x7684;AI&#xFF0C;&#x7406;&#x89E3;AI&#x7684;&#x73FE;&#x968E;&#x6BB5;&#x767C;&#x5C55;&#xFF0C;&#x4EE5;&#x53CA;&#x8DDF;&#x4EBA;&#x985E;&#x5354;&#x4F5C;&#x7684;&#x80FD;&#x529B;&#x4E92;&#x88DC;&#xFF0C;&#x662F;&#x929C;&#x63A5;&#x672A;&#x4F86;&#x5C31;&#x696D;&#x7684;&#x91CD;&#x9EDE;&#x80FD;&#x529B;&#x3002;  &#x258C;&#x672C;&#x66F8;&#x91CD;&#x9EDE;&#xFF5C;&#x627E;&#x51FA;&#x6559;&#x80B2;&#x7684;&#x6700;&#x7D42;&#x76EE;&#x7684; &#x300C;&#x5982;&#x679C;&#x5DE5;&#x4F5C;&#x90E8;&#x5206;&#x6216;&#x5168;&#x9762;&#x81EA;&#x52D5;&#x5316;&#xFF0C;&#x90A3;&#x6559;&#x80B2;&#x54EA;&#x4E9B;&#x90E8;&#x5206;&#x9084;&#x5177;&#x6709;&#x610F;&#x7FA9;&#x5462;&#xFF1F;&#x300D; &#x9762;&#x5C0D;&#x77AC;&#x606F;&#x842C;&#x8B8A;&#x7684;&#x6A21;&#x7CCA;&#x672A;&#x4F86;&#xFF0C; &#x672C;&#x66F8;&#x5F9E;&#x8FD1;&#x4EE3;&#x8A8D;&#x77E5;&#x79D1;&#x5B78;&#x3001;&#x5FC3;&#x7406;&#x5B78;&#x8207;&#x6559;&#x80B2;&#x7814;&#x7A76;&#x6C72;&#x53D6;&#x6DEC;&#x934A;&#xFF0C;&#x5C07;&#x300C;&#x667A;&#x6167;&#x300D;&#x505A;&#x70BA;21&#x4E16;&#x7D00;&#x6559;&#x80B2;&#x7684;&#x95DC;&#x9375;&#x76EE;&#x6A19;&#xFF0C;&#x5B78;&#x7FD2;&#x4E0D;&#x518D;&#x53EA;&#x662F;&#x7372;&#x53D6;&#x300C;&#x8CC7;&#x6599;&#x300D;&#x8207;&#x300C;&#x8CC7;&#x8A0A;&#x300D;&#xFF0C;&#x800C;&#x662F;&#x5C0D;&#x80CC;&#x666F;&#x8108;&#x7D61;&#x5177;&#x5099;&#x6DF1;&#x523B;&#x6D1E;&#x5BDF;&#x529B;&#xFF0C;&#x80FD;&#x9069;&#x7576;&#x5E73;&#x8861;&#x7684;&#x61C9;&#x7528;&#x77E5;&#x8B58;&#x3001;&#x61C9;&#x5C0D;&#x8B8A;&#x52D5;&#xFF0C;&#x505A;&#x51FA;&#x6709;&#x76CA;&#x7684;&#x9078;&#x64C7;&#x3002;</subfield>
  </datafield>
</record>
